| 000 | 00620nam a2200229 a 4500 | ||
|---|---|---|---|
| 999 |
_c6731 _d6731 |
||
| 001 | 6731 | ||
| 003 | BD-JhCC | ||
| 005 | 20180129104357.0 | ||
| 008 | 180129s1985 u a|||| || | 000 0 eng d | ||
| 035 | _a(BD-JhCC)6731 | ||
| 040 |
_aBD-JhCC _dBD-JhCC |
||
| 041 | _aeng | ||
| 082 |
_a425 _bWOO 1985 |
||
| 100 | _aWoodruff, G. Willard | ||
| 245 |
_aWorking Words in Spelling / _c G. Willard Woodruff and George N. Moore |
||
| 260 |
_aUSA : _bD. C. Heath and Company, _c1985 |
||
| 300 |
_a175 p. : _c22 cm. |
||
| 650 |
_aEnglish Language _xSpelling |
||
| 700 | _aMoore, George N. | ||
| 942 |
_2ddc _cBK |
||